000 00547nam a22001577a 4500
005 20090313112016.0
008 090313t xxu||||| |||| 00| 0 eng d
037 _bDPL /PUB
245 _aAligarh muslim university gazette
260 _aAligarh
_bPublication Division, Aligarh Muslim University
_c2008-
300 _av.
_c30 cm
310 _amonthly
270 _bAligarh
_e202002
_k571-2700930
_l571-270-0920
_mamugazette@yahoo.com
942 _2ddc
_cSR
_s1
999 _c25129
_d25129